The Strokes Lyrics - Not The Same Anymore - Statistics

General Stats
  • This quiz has been taken 57 times
  • The average score is 149 of 220
Answer Stats
Lyrics % Correct
a
100%
A
100%
do
100%
I
100%
the
100%
You
100%
you
100%
your
100%
Your
100%
anymore
97%
not
97%
same
97%
It
93%
it
93%
it,
93%
it)
93%
You're
93%
door
90%
so
90%
Can
86%
like
86%
Sorry,
86%
thaat
86%
that
86%
Uncle's
86%
window
86%
are
83%
boy,
83%
boy
83%
but
83%
game
83%
house,
83%
play
83%
strange,
83%
than
83%
was
83%
better
79%
Don't
79%
don't
79%
is
79%
make
79%
to
79%
To
79%
can't
76%
Can't
76%
and
72%
And
72%
Did
72%
didn't
72%
employ
72%
get
72%
know,
72%
on
72%
this
72%
this,
72%
up
72%
You'd
72%
care
69%
he
69%
wanna
69%
night
66%
overdue
66%
gets
62%
girl
62%
Just
62%
Saturday
62%
Yeah,
62%
yeah,
62%
yeah
62%
ignore
59%
(I'm
59%
noon
59%
Oh,
59%
see
59%
wrong,
59%
ya
59%
easy
55%
forget
55%
forget,
55%
Her
55%
it's
55%
late
55%
Late
55%
next
55%
now
55%
too
55%
what
55%
What
55%
grow
52%
or
52%
right
52%
shut
52%
somethin'
52%
they
52%
child
48%
even
48%
f***ed
48%
grows
48%
prisoner
48%
slams
48%
strangers,
48%
understand
48%
all
45%
enemy
45%
his
45%
implore
45%
me,
45%
sure
45%
wants,
45%
wasn't
45%
cut
41%
of
41%
regret?
41%
she
41%
throat
41%
seek
38%
Stay
38%
time
38%
timing
38%
way,
38%
We're
38%
afraid,
34%
does
34%
insured
34%
overboard
34%
sucks,
34%
tendencies
34%
top
34%
Violent
34%
went
34%
would
34%
change,
31%
couldn't
31%
enemy's
31%
jet
31%
remember
31%
well
31%
fuel
28%
promised
28%
show
28%
again,
24%
given
24%
they've
24%
else
14%
sworm
14%
No matching quizzes found
Score Distribution
Percent of People with Each Score
Percentile by Number Answered
Your Score History
You have not taken this quiz